Statistics for Denver Broncos 1997 Defensive Starters

Click here to take the quiz!

General Stats

  • This quiz has been taken 119 times
  • The average score is 6 of 11

Answer Stats

Hint Answer % Correct
FS #27Atwater
91%
LDE #90Smith
80%
LLB #53Romanowski
68%
RLB #51Mobley
67%
RDE #91Williams
58%
LCB #39Crockett
53%
SS #34Braxton
52%
LDT #94Traylor
47%
RCB #23Gordon
39%
MLB #57Aldridge
28%
RDT #95Dean Perry
14%

Score Distribution

Percentile by Number Answered

Percent of People with Each Score

Your Score History

You have not taken this quiz